| 000 | 00582nam a2200193 a 4500 | ||
|---|---|---|---|
| 005 | 20231013063609.0 | ||
| 008 | 991125s1977 bar 000 0 spa u | ||
| 020 | _a8472220419 | ||
| 035 | _aUPN01000037762 | ||
| 049 | _aCG | ||
| 050 | 4 |
_aLB1583 _bF3.48 |
|
| 100 | 1 | _aFaure, Raoul | |
| 245 | 1 | 0 |
_aMedio local y geografía viva / _cRaoul Faure ; tr. y apéndice Josep Colomer. |
| 260 |
_aBarcelona, Esp. : _bLaia, _c1977. |
||
| 300 | _a108 p. | ||
| 440 | 0 |
_aBiblioteca de la escuela moderna ; _v21 |
|
| 650 | 4 |
_aGeografía _xEstudio y enseñanza (Elemental) _92801 |
|
| 905 | _aLibro | ||
| 999 |
_c37762 _d37762 |
||